LEADER 05342 am 22007693u 450 001 996309114603316 005 20221206101322.0 010 $a3-11-052798-7 024 7 $a10.1515/9783110527988 035 $a(CKB)4100000008613156 035 $a(DE-B1597)475002 035 $a(OCoLC)1110716630 035 $a(DE-B1597)9783110527988 035 $a(MiAaPQ)EBC6637694 035 $a(Au-PeEL)EBL6637694 035 $a(EXLCZ)994100000008613156 100 $a20200406h20192019 fg 101 0 $aeng 135 $aurc|#---||||| 181 $ctxt$2rdacontent 182 $cc$2rdamedia 183 $acr$2rdacarrier 200 10$aDiscourse on the State of the Jews $eBilingual Edition /$fSimone Luzzatto; Anna Lissa, Giuseppe Veltri 205 $aBilingual edition. 210 1$aBerlin ;$aBoston : $cDe Gruyter, $d[2019] 210 4$d©2019 215 $a1 online resource (viii, 386 pages) $cillustration; digital file(s) 225 0 $aStudies and Texts in Scepticism ;$v7 311 $a3-11-052823-1 311 $a3-11-048733-0 320 $aIncludes bibliographical references and index. 327 $tFrontmatter -- $tPreface -- $tRemarks -- $tContents -- $tDiscorso Circa Il Stato Degli Hebrei Et In Particolar Dimoranti Nell'Inclita Città Di Venetia -- $tDiscourse On The State Of The Jews And In Particular Those Dwelling In The Illustrious City Of Venice -- $tThe Venetian Context Of The Discourse -- $tIndividual Responsibility and Collective Punishment in the Thought of Rabbi Simone Luzzatto -- $tJews on Trial and Their Sceptical Attorney: Philosophic Scepticism and Political Thought in Simone Luzzatto's Italian Works -- $tBibliography -- $tGlossary and Index of Names 330 $aIn 1638, a small book of no more than 92 pages in octavo was published "appresso Gioanne Calleoni" under the title "Discourse on the State of the Jews and in particular those dwelling in the illustrious city of Venice." It was dedicated to the Doge of Venice and his counsellors, who are labelled "lovers of Truth." The author of the book was a certain Simone (Sim?a) Luzzatto, a native of Venice, where he lived and died, serving as rabbi for over fifty years during the course of the seventeenth century.Luzzatto's political thesis is simple and, at the same time, temerarious, if not revolutionary: Venice can put an end to its political decline, he argues, by offering the Jews a monopoly on overseas commercial activity. This plan is highly recommendable because the Jews are "wellsuited for trade," much more so than others (such as "foreigners," for example). The rabbi opens his argument by recalling that trade and usury are the only occupations permitted to Jews. Within the confines of their historical situation, the Venetian Jews became particularly skilled at trade with partners from the Eastern Mediterranean countries. Luzzatto's argument is that this talent could be put at the service of the Venetian government in order to maintain - or, more accurately, recover - its political importance as an intermediary between East and West. He was the first to define the role of the Jews on the basis of their economic and social functions, disregarding the classic categorisation of Judaism's alleged privileged religious status in world history.Nonetheless, going beyond the socio-economic arguments of the book, it is essential to point out Luzzatto's resort to sceptical strategies in order to plead in defence of the Venetian Jews. It is precisely his philosophical and political scepticism that makes Luzzatto's texts so unique.This edition aims to grant access to his works and thought to English-speaking readers and scholars. By approaching his texts from this point of view, the editors hope to open a new path in research into Jewish culture and philosophy that will enable other scholars to develop new directions and new perspectives, stressing the interpenetration between Jews and the surrounding Christian and secular cultures. 410 0$aStudies and texts in scepticism ;$vvolume 7. 606 $aJewish philosophy$zItaly$zVenice$xHistory$y17th century 606 $aJudaism$zItaly$zVenice$xHistory$y17th century 606 $aJewish History 606 $aJüdische Philosophie 606 $aPhilosophie 606 $aPhilosophy 606 $aScepticism 606 $aSkeptizismus 606 $aVenedig 606 $aVenice 606 $aHISTORY / Jewish$2bisacsh 615 0$aJewish philosophy$xHistory 615 0$aJudaism$xHistory 615 4$aJewish History. 615 4$aJüdische Philosophie. 615 4$aPhilosophie. 615 4$aPhilosophy. 615 4$aScepticism. 615 4$aSkeptizismus. 615 4$aVenedig. 615 4$aVenice. 615 7$aHISTORY / Jewish. 676 $a945.31004924 700 $aLuzzatto$b Simone, $4aut$4http://id.loc.gov/vocabulary/relators/aut$0617139 702 $aLissa$b Anna, $4edt$4http://id.loc.gov/vocabulary/relators/edt 702 $aVeltri$b Giuseppe, $4edt$4http://id.loc.gov/vocabulary/relators/edt 712 02$aDeutsche Forschungsgemeinschaft$4fnd$4http://id.loc.gov/vocabulary/relators/fnd 801 0$bDE-B1597 801 1$bDE-B1597 906 $aBOOK 912 $a996309114603316 996 $aDiscourse on the State of the Jews$92198266 997 $aUNISA LEADER 01180nam 2200325Ia 450 001 996386144403316 005 20221108090501.0 035 $a(CKB)1000000000605250 035 $a(EEBO)2240938392 035 $a(UnM)99897412 035 $a(UnM)9929076500971 035 $a(EXLCZ)991000000000605250 100 $a19970226d1674 uy | 101 0 $aeng 135 $aurbn||||a|bb| 200 14$aThe English princess: or The death of Richard the III$b[electronic resource] $eA tragedy. As it is now acted at His Highness the Duke of York's theatre 210 $aLondon $cprinted by R.B. for Tho. Basset, and are to be sold by Will. Cademan at the Popes Head in the lower walk of the new Exchange in the Strand$d1674 215 $a[4], 65, [3] p 300 $aBy John Caryll. 300 $aLast leaf is blank. 300 $aReproduction of original in the Folger Shakespeare Library. 330 $aeebo-0055 700 $aCaryll$b John$f1625-1711.$01004294 801 0$bCu-RivES 801 1$bCu-RivES 801 2$bWaOLN 906 $aBOOK 912 $a996386144403316 996 $aThe English princess, or, The death of Richard the III$92334659 997 $aUNISA LEADER 03740nas 2201105-a 450 001 996198104403316 005 20231101152914.0 011 $a1089-4918 035 $a(OCoLC)35039734 035 $a(CKB)954925225010 035 $a(CONSER)sn-96000589- 035 $a(DE-599)ZDB1461167-3 035 $a(EXLCZ)99954925225010 100 $a19960708b19702003 s-- a 101 0 $aeng 135 $aurcn||||||||| 181 $ctxt$2rdacontent 182 $cc$2rdamedia 183 $acr$2rdacarrier 200 00$aPhysical review$hD$iParticles and fields 210 $aCollege Park, MD $cAmerican Physical Society 300 $aBeginning July 1991, numbers issued on the first of the month are called: Particles and fields; numbers issued on the fifteenth of the month are called: Particles, fields, gravitation, and cosmology. 311 $a0556-2821 311 $a2470-0010 311 $a2470-0029 517 1 $aPhysical review D online 517 3 $aParticles and fields 517 3 $aPhysical review. 517 3 $aParticles, fields, gravitation, and cosmology 531 $aPHYS REV D 531 $aPHYSICAL REVIEW D 531 $aPHYS. REV. D (3) 531 $aPHYS REV D PART FIELDS 531 $aPRD 531 $aPHYS. REV., D 606 $aNuclear physics$vPeriodicals 606 $aParticles (Nuclear physics)$vPeriodicals 606 $aGravitation$vPeriodicals 606 $aCosmology$vPeriodicals 606 $aGeneral relativity (Physics)$vPeriodicals 606 $aQuantum gravity$vPeriodicals 606 $aCosmology$xPeriodicals 606 $aPhysique nucléaire$vPériodiques 606 $aParticules (Physique nucléaire)$vPériodiques 606 $aGravitation$vPériodiques 606 $aCosmologie$xPériodiques 606 $aRelativité générale (Physique)$vPériodiques 606 $aGravité quantique$vPériodiques 606 $aCosmologie$vPériodiques 606 $aCosmology$2fast$3(OCoLC)fst00880600 606 $aGeneral relativity (Physics)$2fast$3(OCoLC)fst00939815 606 $aGravitation$2fast$3(OCoLC)fst00946866 606 $aNuclear physics$2fast$3(OCoLC)fst01040386 606 $aParticles (Nuclear physics)$2fast$3(OCoLC)fst01054130 606 $aQuantum gravity$2fast$3(OCoLC)fst01085110 606 $aKwantummechanica$2gtt 606 $aVeldentheorie$2gtt 606 $aKosmologie$2gtt 606 $aPhysique nucléaire$2rasuqam 606 $aParticule élémentaire$2rasuqam 606 $aGravitation$2rasuqam 606 $aThéorie de la relativité$2rasuqam 608 $aPeriodicals.$2fast 615 0$aNuclear physics 615 0$aParticles (Nuclear physics) 615 0$aGravitation 615 0$aCosmology 615 0$aGeneral relativity (Physics) 615 0$aQuantum gravity 615 0$aCosmology$xPeriodicals. 615 6$aPhysique nucléaire 615 6$aParticules (Physique nucléaire) 615 6$aGravitation 615 6$aCosmologie$xPériodiques. 615 6$aRelativité générale (Physique) 615 6$aGravité quantique 615 6$aCosmologie 615 7$aCosmology. 615 7$aGeneral relativity (Physics) 615 7$aGravitation. 615 7$aNuclear physics. 615 7$aParticles (Nuclear physics) 615 7$aQuantum gravity. 615 17$aKwantummechanica. 615 17$aVeldentheorie. 615 17$aKosmologie. 615 7$aPhysique nucléaire. 615 7$aParticule élémentaire. 615 7$aGravitation. 615 7$aThéorie de la relativité 712 02$aAmerican Physical Society. 906 $aJOURNAL 912 $a996198104403316 996 $aPhysical review$9789530 997 $aUNISA